000 00715nam a22001337a 4500
040 _cRUA
082 _aAVM LOT 2009 B089 Or.1
100 _aLOT, SAMNANG.
245 _aSemen ouality examination of baor at green feed artifical insemination center of cambodia.co.ltd (ការពិនិត្យគុណភាពទឺកកាមជ្រូកនៅមជ្ឈមណ្ដលពូជស្ពែមជ្រូករបស់ក្រុមហ៊ុនគ្រីនហ្វីតខេមបូឌាចំកាត់)
260 _aPhnom Penh
_bRUA
_c2009
300 _aix, 44p.
_bill.
_c29cm.
856 _uhttps://drive.google.com/file/d/1fsh8qaYb-YuNunL4CtJZ8MROxoaceDry/view?usp=sharing
942 _cAVM
999 _c2755
_d2755